000 00693nam a22002297a 4500
005 20141202110313.0
008 131216b xxu||||| |||| 00| 0 eng d
020 _a9781606490464
050 _aHB 615
_b.K89 2010
100 _aKraten, Michael.
245 _aBusiness planning and entrepreneurship :
_ban accounting approach /
_cMichael Kraten.
250 _a1st ed.
260 _aNew York :
_bBusiness Expert Press,
_c2010.
300 _aviii, 169 p. ;
_c23 cm.
440 _aManagerial accounting collection.
504 _aIncludes Index.
650 _aBusiness planning.
650 _aEntrepreneurship.
650 _aAccounting.
942 _2lcc
_cBK
_kFOR
999 _c25812
_d25812